Movies Quiz

Random Movies or Clip Quiz

Movie Tidbits from Clips Quiz Stats

Quiz Updated Aug 11, 2016

Challenge
Share
Tweet
Score 0/108 Timer 17:00
14 Plays Today
Time answer % Correct
00:00Titanic
93.1%
00:32Grease
89.2%
00:00CĂ©line Dion
87.4%
01:44Elton John
84.9%
00:48Eye of the Tiger
83.9%
02:08Shrek
82.9%
01:12The Wizard of Oz
82.4%
00:00My Heart Will Go On
82.2%
00:40Oh, Pretty Woman
81.1%
00:40Pretty Woman
81%
01:12Over The Rainbow
80.9%
01:28Singin' In The Rain
80.4%
01:28Singin' In The Rain
80.4%
00:16Mrs. Robinson
80.2%
01:44The Lion King
80%
01:36Eminem
79.7%
01:368 Mile
77.9%
02:08I'm A Believer
75.2%
00:32John Travolta Feat. Olivia Newton-John
74.5%
00:56Aerosmith
73.6%
03:20Twist And Shout
72.6%
01:52Stayin' Alive
72.4%
01:04Take My Breath Away
71.9%
01:52The Bee Gees
71.6%
01:44Can You Feel The Love Tonight
71.4%
03:12Footloose
71.2%
03:12Footloose
71.2%
01:52Saturday Night Fever
70.9%
00:32You're The One That I Want
69.8%
02:40Whitney Houston
68.1%
01:36Lose Yourself
66.2%
01:12Judy Garland
66.2%
04:16Dirty Dancing
65.2%
02:40I Will Always Love You
64.9%
00:16The Graduate
64.5%
03:20The Beatles
64%
Time answer % Correct
00:16Simon & Garfunkel
63.8%
00:48Rocky III
63.6%
00:56Armageddon
61.7%
04:24Don't You (Forget About Me)
61.2%
02:40The Bodyguard
60.5%
03:04The Beach Boys
60.2%
02:08Smash Mouth
57.4%
04:24The Breakfast Club
57.3%
00:24Slumdog Millionaire
57%
01:04Top Gun
56.3%
03:52R. Kelly
55.9%
00:56I Don't Want To Miss A Thing
55.6%
03:52I Believe I Can Fly
54.1%
04:08Ghost
54%
04:16(I've Had) The Time of My Life
51.3%
03:52Space Jam
50.6%
02:32Linkin Park
49.6%
02:48Bryan Adams
49.5%
03:04Kokomo
49.2%
03:36Back To The Future
48.5%
00:48Survivor
48.2%
00:40Roy Orbison
47.5%
01:28Gene Kelly
43.9%
02:48(Everything I Do) I Do It For You
43.7%
04:08Unchained Melody
43.1%
03:44Flashdance...What A Feeling
42.5%
03:20Ferris Bueller's Day Off
42.2%
02:56Sum 41
41.7%
03:44Flashdance
40.6%
03:36Johnny B. Goode
40.3%
00:08The Departed
38.9%
03:36Michael J. Fox (Originally by Chuck Berry)
37.4%
02:48Robin Hood: Prince of Thieves
37.1%
00:08Dropkick Murphys
36.9%
03:12Kenny Loggins
36.8%
02:00High School Musical
35.5%
Time answer % Correct
00:24Jai Ho
33.1%
04:08The Righteous Brothers
31.7%
02:32Transformers
31.3%
01:04Berlin
29.2%
02:00Zac Efron Feat. Vanessa Hudgens
28.8%
02:56Fat Lip
28.4%
02:32What I've Done
26.3%
00:08I'm Shipping Up To Boston
26%
02:00Breaking Free
25.6%
04:00Layla (Piano Exit)
23.4%
03:04Cocktail
22.2%
04:24Simple Minds
22.2%
04:40Fight Club
21.2%
02:16Bruce Springsteen
20.7%
03:28The Heat Is On
20.4%
02:16Philadelphia
20.3%
01:20Bourne Trilogy
19.8%
04:40Pixies
19.3%
03:44Irene Cara
18.6%
02:16Streets of Philadelphia
18.3%
04:40Where Is My Mind?
17.6%
03:28Beverly Hills Cop
16.8%
04:00Derek & The Dominos
16.3%
01:20Moby
14%
02:56American Pie 2
12.7%
04:00Goodfellas
12.7%
04:16Bill Medley & Jennifer Warnes
12.1%
00:24A.R. Rahman Feat. Various Artists
10.5%
02:24Heavy D & The Boyz Feat. Aaron Hall
9.3%
02:24Now That We Found Love
8.8%
03:28Glenn Frey
8%
02:24Hitch
6.9%
04:32Leona Lewis
6.7%
04:32Avatar
6.6%
01:20Extreme Ways
5.8%
04:32I See You
3.4%

You're not logged in!

Compare scores with friends on all Sporcle quizzes.
Sign Up with Email
OR
Log In

You Might Also Like...

Show Comments

Extras

Top Quizzes Today


Score Distribution

Your Account Isn't Verified!

In order to create a playlist on Sporcle, you need to verify the email address you used during registration. Go to your Sporcle Settings to finish the process.